| 000 | 00883cam a22001934a 4500 | ||
|---|---|---|---|
| 005 | 20250605163941.0 | ||
| 008 | 250528s ||||||||||||||||||||||||d | ||
| 035 | _a15023 | ||
| 020 | _a471612774 | ||
| 040 |
_aGR-AtMCL _bgre _dGR-AtMCL _eAACR2 |
||
| 245 | 1 | _aComputer Architecture / A Modern Synthesis Volume 1: Foundations | |
| 260 |
_bJohn Wiley & Sons, Ltd, _c1989 |
||
| 300 | _a384 | ||
| 520 | _aIntroduction and Background, The Scope of Computer Architecture, The Technological Framework, The Design Process, Uniprocessors, Register Machines I: The Outer Architecture, Register Machines II: Inner Architecture and Microprogramming, The Expoitation of Stacks, Language-Directed Architectures: The Risk Style, Aspects of Memory, The ASCII Code, The EBCDIC Code, References, Index. | ||
| 700 | 1 |
_aDasgupta Subrata _9856 |
|
| 942 | _cBK | ||
| 999 |
_c628 _d628 |
||